| 000 | 00561nam a2200181 a 4500 | ||
|---|---|---|---|
| 005 | 20210223125059.0 | ||
| 008 | 030825s2000 mx r 000 0 spa d | ||
| 020 | _a8586738093 | ||
| 035 | _aUPN01000128149 | ||
| 049 | _aCG | ||
| 050 | 4 |
_aRA644 S6 _bL4.5 |
|
| 100 | 1 |
_aLépine, Claude, _d1935- _941235 |
|
| 245 | 1 | 0 |
_aOs dois reis do Danxome : _bvaríola e monarquia na Africa Ocidental 1650-1800 / _cClaude Lépine. |
| 260 |
_aSao Paulo : _bFAPESP, _c2000. |
||
| 300 | _a219 p. | ||
| 650 | 4 |
_aVIRUELA - _zREPUBLICA DE BENIN - _xHISTORIA _926408 |
|
| 905 | _aLibro | ||
| 999 |
_c100328 _d100328 |
||